[Event "Pop 3"]
[Site "Montreal CAN"]
[Date "2011.06.11"]
[Round "2"]
[White "Morin, Louis"]
[Black "Valle-Romo, Ricardo"]
[Result "0-1"]
[WhiteElo "1906"]
[BlackElo "1903"]
[PlyCount "68"]
[GameId "2160767909787465"]
[EventDate "2011.03.12"]
[EventType "tourn"]
[EventRounds "3"]
[EventCountry "CAN"]

1. e4 a6 2. d4 b5 3. Nf3 Bb7 4. Bd3 e6 5. O-O c5 6. c3 cxd4 7. cxd4 Nc6 8. Nc3 Rc8 9. Bg5 Be7 10. Bxe7 Ngxe7 11. Rc1 O-O 12. Bb1 Ng6 13. e5 Nb4 14. a3 Nd5 15. Ne4 Rxc1 16. Qxc1 Ndf4 17. Re1 f5 18. exf6 gxf6 19. Nh4 Nxh4 20. Qxf4 f5 21. Ng5 Nxg2 22. Qg3 Kh8 23. Rc1 h6 24. Qe5+ Qf6 25. Nh3 Nh4 26. Qxf6+ Rxf6 27. Rc7 Rg6+ 28. Kf1 Bg2+ 29. Ke2 Bxh3 30. Rxd7 Bg4+ 31. Kd2 Nf3+ 32. Kc3 e5 33. dxe5 Nxe5 34. Rd6 Rxd6 0-1

[Event "Pop 3"]
[Site "Montreal CAN"]
[Date "2011.06.11"]
[Round "3"]
[White "Yun, Chang"]
[Black "Morin, Louis"]
[Result "1-0"]
[WhiteElo "1882"]
[BlackElo "1906"]
[PlyCount "55"]
[GameId "2160767909787466"]
[EventDate "2011.03.12"]
[EventType "tourn"]
[EventRounds "3"]
[EventCountry "CAN"]

1. e4 e5 2. Nf3 d6 3. d4 Nf6 4. dxe5 Nxe4 5. Qd5 Nc5 6. Bg5 Qd7 7. exd6 Bxd6 8. Nc3 O-O 9. O-O-O Nc6 10. h4 a6 11. Be3 Qe7 12. Qh5 b6 13. Nd5 Qd8 14. Bxc5 bxc5 15. Bd3 g6 16. Qh6 f5 17. Ng5 Qd7 18. Bc4 Kh8 19. h5 Ne5 20. hxg6 Nxc4 21. Qxh7+ Qxh7 22. Rxh7+ Kg8 23. g7 Bb7 24. gxf8=Q+ Rxf8 25. Ne7+ Bxe7 26. Rxe7 Bxg2 27. Rg1 Bd5 28. Ne6+ 1-0

[Event "Quebec op"]
[Site "Montreal CAN"]
[Date "2011.07.23"]
[Round "1"]
[White "Cote-Lalumiere, Tristan"]
[Black "Libersan, Thierry"]
[Result "0-1"]
[WhiteElo "1928"]
[BlackElo "2141"]
[PlyCount "70"]
[GameId "2160767909649262"]
[EventDate "2011.07.23"]
[EventType "swiss"]
[EventRounds "9"]
[EventCountry "CAN"]
[SourceTitle "EXT 2022"]
[Source "ChessBase"]
[SourceDate "2021.10.06"]
[SourceVersion "1"]
[SourceVersionDate "2021.10.06"]
[SourceQuality "1"]

1. e4 c5 2. Nf3 e6 3. Nc3 Nc6 4. Be2 Nf6 5. O-O Qc7 6. d4 cxd4 7. Nxd4 a6 8. Be3 b5 9. Nxc6 dxc6 10. a3 Bb7 11. f4 Rd8 12. Qe1 c5 13. Bf3 Be7 14. Qf2 O-O 15. g4 b4 16. axb4 cxb4 17. g5 bxc3 18. gxf6 Bxf6 19. e5 Be7 20. Bb6 Qc8 21. Bxb7 Qxb7 22. Bxd8 Bxd8 23. Qg2 Qb6+ 24. Kh1 cxb2 25. Rab1 Be7 26. c4 Rb8 27. Rf2 Ba3 28. Rc2 Qc5 29. Qg3 Qc6+ 30. Rg2 Bf8 31. Qc3 Rb4 32. c5 Rb5 33. Kg1 Rxc5 34. Qxb2 Rb5 35. Qa2 Qb6+ 0-1

[Event "Quebec op"]
[Site "Montreal CAN"]
[Date "2011.07.23"]
[Round "1.17"]
[White "Carrier, Claude"]
[Black "Luksza, Arkadiusz"]
[Result "1-0"]
[WhiteElo "1985"]
[BlackElo "2197"]
[PlyCount "131"]
[GameId "2160767909649274"]
[EventDate "2011.07.23"]
[EventType "swiss"]
[EventRounds "9"]
[EventCountry "CAN"]
[SourceTitle "EXT 2022"]
[Source "ChessBase"]
[SourceDate "2021.10.06"]
[SourceVersion "1"]
[SourceVersionDate "2021.10.06"]
[SourceQuality "1"]

1. e4 c6 2. d4 d5 3. Nc3 dxe4 4. Nxe4 Bf5 5. Ng3 Bg6 6. Nf3 Nd7 7. h4 h6 8. h5 Bh7 9. Bd3 Bxd3 10. Qxd3 e6 11. Bd2 Ngf6 12. O-O-O Be7 13. Kb1 O-O 14. Qe2 Qc7 15. c4 Rfe8 16. Bc3 b5 17. c5 Nd5 18. Bd2 a5 19. Rhe1 a4 20. Ne5 Nxe5 21. Qxe5 Qxe5 22. Rxe5 Bf6 23. Re4 a3 24. b3 Bg5 25. Kc2 f5 26. Ree1 Bh4 27. Re2 Bf6 28. Bc1 Kf7 29. f4 b4 30. Rd3 Red8 31. Bd2 Rd7 32. Re1 Bh4 33. Rh1 Bxg3 34. Rxg3 Rb8 35. Re1 Nf6 36. Be3 Nxh5 37. Rh3 Nf6 38. Kd3 Ne4 39. Kc4 Nc3 40. Bd2 Nd5 41. Rg1 Rdb7 42. g4 Nf6 43. gxf5 exf5 44. Rhg3 Ng4 45. Re1 h5 46. Rg2 g6 47. Rge2 Nf6 48. Rg1 Nd5 49. Rge1 Rh8 50. Re6 Rc7 51. Rxc6 Rxc6 52. Kxd5 Rcc8 53. c6 Rhe8 54. Rxe8 Kxe8 55. Bxb4 h4 56. Be1 h3 57. Bg3 Kd8 58. Kd6 Ra8 59. b4 Ra4 60. Kc5 Ra7 61. d5 Re7 62. d6 Rh7 63. Bh2 Rf7 64. b5 g5 65. b6 Kc8 66. b7+ 1-0

[Event "Quebec op"]
[Site "Montreal CAN"]
[Date "2011.07.23"]
[Round "1.18"]
[White "Robichaud, Louis"]
[Black "Seguin, Rene"]
[Result "0-1"]
[WhiteElo "2183"]
[BlackElo "1976"]
[PlyCount "58"]
[GameId "2160767909649275"]
[EventDate "2011.07.23"]
[EventType "swiss"]
[EventRounds "9"]
[EventCountry "CAN"]
[SourceTitle "EXT 2022"]
[Source "ChessBase"]
[SourceDate "2021.10.06"]
[SourceVersion "1"]
[SourceVersionDate "2021.10.06"]
[SourceQuality "1"]

1. e4 c5 2. Nc3 Nc6 3. g3 g6 4. Bg2 Bg7 5. d3 d6 6. f4 e5 7. Nh3 Nf6 8. O-O Bg4 9. Qd2 Nd4 10. fxe5 dxe5 11. Qf2 Qd7 12. Bg5 Nh5 13. Nd5 O-O 14. c3 Nc6 15. Qxc5 Bxh3 16. Bxh3 Qxh3 17. Rf2 h6 18. Bd2 f5 19. Nc7 Rac8 20. Ne6 Nd4 21. Qd5 Nxe6 22. Qxe6+ Kh7 23. Raf1 Rce8 24. Qc4 f4 25. gxf4 exf4 26. Bxf4 Rxf4 27. Rxf4 Nxf4 28. Rxf4 Qe3+ 29. Rf2 Rf8 0-1

[Event "Quebec op"]
[Site "Montreal CAN"]
[Date "2011.07.23"]
[Round "1.20"]
[White "Enkh-Amar, Galbadrakh"]
[Black "Sarrazin-Gendron, Roman"]
[Result "1-0"]
[WhiteElo "2179"]
[BlackElo "1968"]
[PlyCount "85"]
[GameId "2160767909649276"]
[EventDate "2011.07.23"]
[EventType "swiss"]
[EventRounds "9"]
[EventCountry "CAN"]
[SourceTitle "EXT 2022"]
[Source "ChessBase"]
[SourceDate "2021.10.06"]
[SourceVersion "1"]
[SourceVersionDate "2021.10.06"]
[SourceQuality "1"]

1. Nf3 Nf6 2. c4 g6 3. g3 Bg7 4. Bg2 O-O 5. O-O d6 6. Nc3 e5 7. d4 Nc6 8. e3 Ne8 9. d5 Ne7 10. e4 f5 11. Ng5 h6 12. Ne6 Bxe6 13. dxe6 c6 14. Qb3 Qb6 15. Qa3 Rf6 16. Be3 Qc7 17. c5 Rxe6 18. Qb3 Qc8 19. Rfd1 Kh7 20. cxd6 Rxd6 21. Rxd6 Nxd6 22. Bc5 Qc7 23. Qe6 Rd8 24. Rd1 Nec8 25. h4 b6 26. Ba3 c5 27. h5 Qf7 28. hxg6+ Qxg6 29. Qxg6+ Kxg6 30. exf5+ Kg5 31. b4 cxb4 32. Bxb4 Bf6 33. Bxd6 Nxd6 34. Rxd6 Rxd6 35. Ne4+ Kxf5 36. Nxd6+ Ke6 37. Nc8 Kd7 38. Nxa7 Kd6 39. Nb5+ Kc5 40. Nc3 Kc4 41. Nd1 Bg5 42. Be4 Kd4 43. f3 1-0

[Event "Quebec op"]
[Site "Montreal CAN"]
[Date "2011.07.23"]
[Round "1.21"]
[White "Auger, Bertrand"]
[Black "Acosta, Mariano"]
[Result "0-1"]
[WhiteElo "1961"]
[BlackElo "2170"]
[PlyCount "104"]
[GameId "2160767909649277"]
[EventDate "2011.07.23"]
[EventType "swiss"]
[EventRounds "9"]
[EventCountry "CAN"]
[SourceTitle "EXT 2022"]
[Source "ChessBase"]
[SourceDate "2021.10.06"]
[SourceVersion "1"]
[SourceVersionDate "2021.10.06"]
[SourceQuality "1"]

1. Nf3 c5 2. c4 g6 3. g3 Bg7 4. Bg2 Nc6 5. O-O e5 6. Nc3 Nge7 7. d3 O-O 8. Bd2 h6 9. Rb1 d6 10. a3 a5 11. Ne1 Be6 12. Nd5 Bxd5 13. cxd5 Nd4 14. e3 Ndf5 15. Nc2 h5 16. e4 Nd4 17. Nxd4 exd4 18. Bh3 a4 19. Bg5 Kh7 20. f4 f6 21. Bh4 Bh6 22. g4 hxg4 23. Bxg4 Qc7 24. Be6 f5 25. Qf3 fxe4 26. dxe4 Ng8 27. Qh3 Nf6 28. Bg5 Qg7 29. f5 Nxe4 30. Bxh6 Qxh6 31. fxg6+ Kg7 32. Rf7+ Rxf7 33. Qxh6+ Kxh6 34. gxf7 Rf8 35. Re1 Ng5 36. Rf1 Kg7 37. Rf5 Nxf7 38. Bd7 Ne5 39. Rxf8 Kxf8 40. Bxa4 Nc4 41. b4 b6 42. bxc5 bxc5 43. Kf2 Nxa3 44. Ke2 Nc4 45. Kf3 Kg7 46. Kf4 Kf6 47. Bd1 Ne3 48. Bf3 c4 49. Ke4 c3 50. Kd3 Kg5 51. Be4 Kf4 52. Bh1 Ng4 0-1

[Event "Quebec op"]
[Site "Montreal CAN"]
[Date "2011.07.23"]
[Round "1.22"]
[White "Arsenault, Nicolas"]
[Black "Sasseville, Jean"]
[Result "1/2-1/2"]
[WhiteElo "2164"]
[BlackElo "1944"]
[PlyCount "58"]
[GameId "2160767909649278"]
[EventDate "2011.07.23"]
[EventType "swiss"]
[EventRounds "9"]
[EventCountry "CAN"]
[SourceTitle "EXT 2022"]
[Source "ChessBase"]
[SourceDate "2021.10.06"]
[SourceVersion "1"]
[SourceVersionDate "2021.10.06"]
[SourceQuality "1"]

1. e4 c6 2. d4 d5 3. e5 Bf5 4. Nf3 e6 5. Be2 c5 6. Be3 cxd4 7. Nxd4 Ne7 8. Nd2 Nbc6 9. N2f3 Bg4 10. O-O Bxf3 11. Nxf3 Nf5 12. Qd2 Be7 13. c3 O-O 14. Bd3 Nxe3 15. Qxe3 Qc7 16. Rae1 Rae8 17. Ng5 g6 18. h4 Bxg5 19. Qxg5 Qe7 20. Qg3 d4 21. h5 dxc3 22. bxc3 Rd8 23. Re3 Kg7 24. Rfe1 Rd5 25. Bb1 Rfd8 26. Qg4 Qc5 27. Qf4 Qe7 28. Qg4 Qc5 29. Qf4 Qe7 1/2-1/2

[Event "Quebec op"]
[Site "Montreal CAN"]
[Date "2011.07.23"]
[Round "1.26"]
[White "Tremblay, Alain"]
[Black "Luo, Zhao Yang"]
[Result "1-0"]
[WhiteElo "2113"]
[BlackElo "1908"]
[PlyCount "41"]
[GameId "2160767909649279"]
[EventDate "2011.07.23"]
[EventType "swiss"]
[EventRounds "9"]
[EventCountry "CAN"]
[SourceTitle "EXT 2022"]
[Source "ChessBase"]
[SourceDate "2021.10.06"]
[SourceVersion "1"]
[SourceVersionDate "2021.10.06"]
[SourceQuality "1"]

1. b4 d5 2. Bb2 Nf6 3. Nf3 Nbd7 4. e3 e6 5. b5 c5 6. a4 Bd6 7. c4 b6 8. d3 Bb7 9. Nbd2 Rc8 10. Be2 Qc7 11. Qc2 Ne5 12. a5 dxc4 13. Nxc4 Nxc4 14. Qxc4 Bd5 15. Qh4 c4 16. dxc4 Bb4+ 17. Kf1 Bxf3 18. gxf3 Bxa5 19. Rg1 Kf8 20. Rxg7 Kxg7 21. Qxf6+ 1-0

[Event "Quebec op"]
[Site "Montreal CAN"]
[Date "2011.07.23"]
[Round "1.29"]
[White "Leitch, Darcy"]
[Black "Laurain, Guy1"]
[Result "1/2-1/2"]
[WhiteElo "1872"]
[BlackElo "2091"]
[PlyCount "74"]
[GameId "2160767909649281"]
[EventDate "2011.07.23"]
[EventType "swiss"]
[EventRounds "9"]
[EventCountry "CAN"]
[SourceTitle "EXT 2022"]
[Source "ChessBase"]
[SourceDate "2021.10.06"]
[SourceVersion "1"]
[SourceVersionDate "2021.10.06"]
[SourceQuality "1"]

1. d4 Nf6 2. c4 d6 3. Nf3 g6 4. g3 Bg7 5. Bg2 O-O 6. O-O Nc6 7. Nc3 a6 8. h3 Rb8 9. e4 Nd7 10. Bg5 h6 11. Be3 e5 12. d5 Ne7 13. Ne1 f5 14. Nd3 Nf6 15. c5 fxe4 16. Nxe4 Nxe4 17. Bxe4 Bxh3 18. Qb3 Nf5 19. Rfe1 Kh7 20. Rac1 Nxe3 21. Rxe3 Bf5 22. Rc4 Rf7 23. Qc2 Qf6 24. a4 b5 25. Rb4 Bxe4 26. Rexe4 dxc5 27. Nxc5 Bf8 28. Re2 Qb6 29. Nd3 Bxb4 30. Nxb4 Qd6 31. Nc6 Re8 32. axb5 axb5 33. Qe4 Rd7 34. Nxe5 Rxe5 35. Qxe5 Qxe5 36. Rxe5 Kg7 37. Kf1 Kf6 1/2-1/2

[Event "Quebec op"]
[Site "Montreal CAN"]
[Date "2011.07.23"]
[Round "1.30"]
[White "Trahan, Daniel"]
[Black "Barre, Michel"]
[Result "1-0"]
[WhiteElo "2081"]
[BlackElo "1854"]
[PlyCount "127"]
[GameId "2160767909649282"]
[EventDate "2011.07.23"]
[EventType "swiss"]
[EventRounds "9"]
[EventCountry "CAN"]
[SourceTitle "EXT 2022"]
[Source "ChessBase"]
[SourceDate "2021.10.06"]
[SourceVersion "1"]
[SourceVersionDate "2021.10.06"]
[SourceQuality "1"]

1. d4 Nf6 2. c4 e6 3. Nc3 Bb4 4. Qc2 O-O 5. a3 Bxc3+ 6. Qxc3 b6 7. Bg5 Bb7 8. e3 d6 9. f3 Nbd7 10. Bd3 h6 11. Bh4 c5 12. Ne2 Rc8 13. Qd2 d5 14. cxd5 Bxd5 15. e4 Bxe4 16. fxe4 Nxe4 17. Bxd8 Nxd2 18. Kxd2 Rcxd8 19. Rhd1 cxd4 20. Nxd4 Nc5 21. Ke2 Rd5 22. b4 Nxd3 23. Rxd3 Rfd8 24. Rad1 Re5+ 25. Kd2 Rg5 26. g3 Rgd5 27. Kc3 Rc8+ 28. Kb3 Rcd8 29. R3d2 Re5 30. Nc6 Re3+ 31. Kb2 Rxd2+ 32. Rxd2 a6 33. a4 g5 34. Nb8 f5 35. Nxa6 f4 36. Nc7 f3 37. Kc2 Ra3 38. Nxe6 Rxa4 39. Kb3 Ra1 40. g4 Rg1 41. Nd4 Rf1 42. Kc3 f2 43. Kd3 Rb1 44. Rxf2 Rxb4 45. Rf6 Kh7 46. Kc3 Rb1 47. Nf5 b5 48. Rxh6+ Kg8 49. Rg6+ Kf8 50. Rxg5 Rc1+ 51. Kb2 Rd1 52. h4 Rd3 53. h5 b4 54. h6 Rh3 55. Rh5 Rxh5 56. gxh5 Kg8 57. Kb3 Kh7 58. Kxb4 Kg8 59. Kc5 Kh7 60. Kd5 Kg8 61. Ke5 Kh7 62. Kf6 Kh8 63. Kg6 Kg8 64. Nd6 1-0

[Event "Quebec op"]
[Site "Montreal CAN"]
[Date "2011.07.23"]
[Round "1.34"]
[White "Zhang, Zhiyuan"]
[Black "Sprumont, Oscar"]
[Result "1-0"]
[WhiteElo "2046"]
[BlackElo "1757"]
[PlyCount "41"]
[GameId "2160767909649284"]
[EventDate "2011.07.23"]
[EventType "swiss"]
[EventRounds "9"]
[EventCountry "CAN"]
[SourceTitle "EXT 2022"]
[Source "ChessBase"]
[SourceDate "2021.10.06"]
[SourceVersion "1"]
[SourceVersionDate "2021.10.06"]
[SourceQuality "1"]

1. d4 d5 2. Nf3 Nf6 3. c4 e6 4. Nc3 Be7 5. Bf4 O-O 6. e3 a6 7. Rc1 dxc4 8. Bxc4 c5 9. O-O b5 10. Be2 cxd4 11. Nxd4 Bb7 12. Bf3 Bd5 13. Nxd5 exd5 14. Nf5 Bb4 15. a3 Qd7 16. Bg4 Bd2 17. Rc2 Kh8 18. Rxd2 Nc6 19. Bh3 Qb7 20. Ng3 b4 21. Bg5 1-0

[Event "Quebec op"]
[Site "Montreal CAN"]
[Date "2011.07.23"]
[Round "1.36"]
[White "Malveau, Cedric"]
[Black "Beladel, Brahim"]
[Result "1-0"]
[WhiteElo "2036"]
[BlackElo "1693"]
[PlyCount "105"]
[GameId "2160767909649285"]
[EventDate "2011.07.23"]
[EventType "swiss"]
[EventRounds "9"]
[EventCountry "CAN"]
[SourceTitle "EXT 2022"]
[Source "ChessBase"]
[SourceDate "2021.10.06"]
[SourceVersion "1"]
[SourceVersionDate "2021.10.06"]
[SourceQuality "1"]

1. e4 c6 2. d4 d5 3. e5 Bf5 4. Nf3 e6 5. Be2 c5 6. c3 Nc6 7. O-O Bg6 8. Be3 Qb6 9. b3 Be7 10. a3 cxd4 11. cxd4 h5 12. Nc3 a6 13. b4 Nh6 14. Rc1 Nf5 15. Na4 Qa7 16. Nc5 O-O 17. Nxa6 Nxe5 18. Nxe5 bxa6 19. Bxh5 Bh7 20. Rc3 Bf6 21. Qc1 Bxe5 22. dxe5 d4 23. Rc7 Qb6 24. Bf4 Rad8 25. Rd1 Qb5 26. Bf3 d3 27. Be4 Nd4 28. Bxh7+ Kxh7 29. Qd2 Rc8 30. Rxc8 Rxc8 31. Kf1 Rc3 32. a4 Qc4 33. Be3 Qxb4 34. g3 Nf3 35. Qa2 Rc2 36. Qa1 Qg4 37. Kg2 Qe4 38. Kh3 Nxe5 39. Qd4 Qxd4 40. Bxd4 Nf3 41. Be3 Rc3 42. Kg2 e5 43. Kxf3 Rc4 44. a5 f5 45. Bb6 Rc2 46. Ke3 e4 47. Rd2 Rc1 48. Kf4 g6 49. g4 fxg4 50. Kxe4 Rh1 51. Rxd3 Rxh2 52. Rd7+ Kg8 53. Ra7 1-0

[Event "Quebec op"]
[Site "Montreal CAN"]
[Date "2011.07.23"]
[Round "1.37"]
[White "Goldner, John"]
[Black "Trottier, Emile"]
[Result "0-1"]
[WhiteElo "1683"]
[BlackElo "2032"]
[PlyCount "80"]
[GameId "2160767909649286"]
[EventDate "2011.07.23"]
[EventType "swiss"]
[EventRounds "9"]
[EventCountry "CAN"]
[SourceTitle "EXT 2022"]
[Source "ChessBase"]
[SourceDate "2021.10.06"]
[SourceVersion "1"]
[SourceVersionDate "2021.10.06"]
[SourceQuality "1"]

1. e4 e6 2. d4 d5 3. Nc3 Bb4 4. e5 Ne7 5. a3 Bxc3+ 6. bxc3 c5 7. Qg4 O-O 8. Ne2 Nbc6 9. h4 f5 10. Qg3 b6 11. Be3 cxd4 12. cxd4 Qe8 13. Nf4 Ng6 14. Be2 Nxf4 15. Qxf4 Ne7 16. h5 Bd7 17. Rb1 Rc8 18. Bd3 Ba4 19. Rc1 Bb5 20. Bxb5 Qxb5 21. Rh3 Qa4 22. Rg3 Kh8 23. Qg5 Rf7 24. c3 Qxa3 25. Bd2 Qb2 26. h6 g6 27. Qe3 Nc6 28. Qd3 Na5 29. Rb1 Qa2 30. Bg5 Nc4 31. Rc1 a5 32. Bf6+ Kg8 33. Rc2 Qb1+ 34. Ke2 a4 35. Rg5 Na3 36. Rd2 Qxd3+ 37. Kxd3 Rfc7 38. Ke3 Nc4+ 39. Kd3 Nxd2 40. Kxd2 Rxc3 0-1

[Event "Quebec op"]
[Site "Montreal CAN"]
[Date "2011.07.23"]
[Round "1.39"]
[White "Sonn, Eric"]
[Black "Dumont, Felix"]
[Result "0-1"]
[WhiteElo "1577"]
[BlackElo "2007"]
[PlyCount "52"]
[GameId "2160767909649287"]
[EventDate "2011.07.23"]
[EventType "swiss"]
[EventRounds "9"]
[EventCountry "CAN"]
[SourceTitle "EXT 2022"]
[Source "ChessBase"]
[SourceDate "2021.10.06"]
[SourceVersion "1"]
[SourceVersionDate "2021.10.06"]
[SourceQuality "1"]

1. e4 c5 2. Nf3 d6 3. d4 cxd4 4. Nxd4 Nf6 5. Nc3 Nc6 6. Be3 e5 7. Nf3 h6 8. Bd3 Be6 9. O-O Be7 10. a3 O-O 11. b4 Ng4 12. Bd2 Nf6 13. Qe2 Rc8 14. Rfd1 Bg4 15. Be3 Re8 16. Rac1 Bf8 17. Bc4 a6 18. b5 Na5 19. Bxf7+ Kxf7 20. Na4 Bxf3 21. Qxf3 axb5 22. Bb6 Qd7 23. Bxa5 bxa4 24. c4 Qc6 25. Rd5 Kg8 26. Rb5 Qxb5 0-1

[Event "Quebec op"]
[Site "Montreal CAN"]
[Date "2011.07.23"]
[Round "1.40"]
[White "Zhu, Hong Rui"]
[Black "Lemieux, Serge"]
[Result "0-1"]
[WhiteElo "2002"]
[BlackElo "1557"]
[PlyCount "70"]
[GameId "2160767909649288"]
[EventDate "2011.07.23"]
[EventType "swiss"]
[EventRounds "9"]
[EventCountry "CAN"]
[SourceTitle "EXT 2022"]
[Source "ChessBase"]
[SourceDate "2021.10.06"]
[SourceVersion "1"]
[SourceVersionDate "2021.10.06"]
[SourceQuality "1"]

1. e4 e6 2. d4 d5 3. e5 c5 4. c3 Nc6 5. Nf3 Qb6 6. a3 Bd7 7. Be2 Nh6 8. b4 cxd4 9. cxd4 Nf5 10. Bb2 Be7 11. O-O O-O 12. Qd3 f6 13. Nbd2 a6 14. Nb3 fxe5 15. dxe5 Be8 16. Nbd4 Ncxd4 17. Bxd4 Qd8 18. Qd2 Bg6 19. Rac1 Qd7 20. Bc5 Rac8 21. Bxe7 Qxe7 22. Nd4 Rxc1 23. Rxc1 Nxd4 24. Qxd4 Be8 25. h3 Bc6 26. Bg4 g6 27. Qc5 Re8 28. Qe3 h5 29. Be2 Rf8 30. Qg3 Qg7 31. Bd3 g5 32. Rc3 Rf4 33. Rc2 h4 34. Qe3 d4 35. Qe2 g4 0-1

[Event "Quebec op"]
[Site "Montreal CAN"]
[Date "2011.07.24"]
[Round "2"]
[White "Libersan, Thierry"]
[Black "Carrier, Claude"]
[Result "0-1"]
[WhiteElo "2141"]
[BlackElo "1985"]
[PlyCount "100"]
[GameId "2160767909649299"]
[EventDate "2011.07.23"]
[EventType "swiss"]
[EventRounds "9"]
[EventCountry "CAN"]
[SourceTitle "EXT 2022"]
[Source "ChessBase"]
[SourceDate "2021.10.06"]
[SourceVersion "1"]
[SourceVersionDate "2021.10.06"]
[SourceQuality "1"]

1. e4 c5 2. Nf3 e6 3. d4 a6 4. c4 cxd4 5. Nxd4 d6 6. Nc3 Nf6 7. Be2 Be7 8. O-O O-O 9. Be3 b6 10. Rc1 Bb7 11. f3 Nbd7 12. Qd2 Re8 13. Rfd1 Rc8 14. b3 Qc7 15. Bf1 Qb8 16. Kh1 Ne5 17. Bg1 Ng6 18. h3 Rcd8 19. Bh2 Nh5 20. b4 h6 21. Qf2 Bg5 22. Rc2 Bh4 23. g3 Be7 24. a3 Nf6 25. Bg2 Ba8 26. Bg1 Ne5 27. Qe2 d5 28. cxd5 exd5 29. Qxa6 dxe4 30. fxe4 Rd7 31. Qf1 Ra7 32. Ndb5 Rd7 33. Nd5 Nxd5 34. exd5 Red8 35. Rcd2 Bg5 36. Rd4 Bf6 37. R4d2 Bg5 38. Rd4 Bf6 39. d6 Nc6 40. Rc4 Na7 41. Nc7 Bxg2+ 42. Qxg2 Nc8 43. Nb5 Nxd6 44. Nxd6 Rxd6 45. Rxd6 Rxd6 46. a4 Rd3 47. Bf2 Qe8 48. Qc6 Qe2 49. Qa8+ Rd8 50. Rc8 Qf1+ 0-1

[Event "Quebec op"]
[Site "Montreal CAN"]
[Date "2011.07.24"]
[Round "2"]
[White "Trottier, Emile"]
[Black "Enkh-Amar, Galbadrakh"]
[Result "1-0"]
[WhiteElo "2032"]
[BlackElo "2179"]
[PlyCount "77"]
[GameId "2160767909649305"]
[EventDate "2011.07.23"]
[EventType "swiss"]
[EventRounds "9"]
[EventCountry "CAN"]
[SourceTitle "EXT 2022"]
[Source "ChessBase"]
[SourceDate "2021.10.06"]
[SourceVersion "1"]
[SourceVersionDate "2021.10.06"]
[SourceQuality "1"]

1. e4 c6 2. d4 d5 3. exd5 cxd5 4. c4 Nf6 5. Nc3 Nc6 6. Nf3 e6 7. Bd3 Be7 8. O-O O-O 9. a3 dxc4 10. Bxc4 b6 11. Bb3 Bb7 12. Bc2 Rc8 13. Qd3 Rc7 14. Bg5 g6 15. Bh6 Re8 16. Rfe1 Rd7 17. Rad1 Qb8 18. h3 Red8 19. Ba4 a6 20. Qe3 b5 21. Bb3 Na5 22. Bxe6 Bd6 23. Bxd7 Rxd7 24. Ne5 Re7 25. Bg5 Nc4 26. Qf4 Nh5 27. Qh4 Rc7 28. Nxc4 Rxc4 29. Ne4 Bf8 30. g4 Bxe4 31. Rxe4 Ng7 32. Rde1 Ne6 33. d5 Nd4 34. Kg2 Qb7 35. Qg3 Qxd5 36. Qe5 Qb7 37. Kg3 Qb6 38. Qe8 Rc2 39. Qxf8+ 1-0

[Event "Quebec op"]
[Site "Montreal CAN"]
[Date "2011.07.24"]
[Round "2.19"]
[White "Acosta, Mariano"]
[Black "Malveau, Cedric"]
[Result "1-0"]
[WhiteElo "2170"]
[BlackElo "2036"]
[PlyCount "93"]
[GameId "2160767909649308"]
[EventDate "2011.07.23"]
[EventType "swiss"]
[EventRounds "9"]
[EventCountry "CAN"]
[SourceTitle "EXT 2022"]
[Source "ChessBase"]
[SourceDate "2021.10.06"]
[SourceVersion "1"]
[SourceVersionDate "2021.10.06"]
[SourceQuality "1"]

1. Nf3 Nf6 2. d4 e6 3. e3 d5 4. Bd3 c5 5. b3 Nc6 6. O-O Bd6 7. Bb2 O-O 8. Nbd2 cxd4 9. exd4 Nb4 10. Be2 Bd7 11. a3 Nc6 12. Bd3 Rc8 13. Ne5 Qb6 14. Ndf3 Bxe5 15. dxe5 Ne4 16. Bxe4 dxe4 17. Ng5 Qc7 18. Qh5 h6 19. Nxe4 Ne7 20. c4 Bc6 21. Nd6 Rcd8 22. Rad1 Ng6 23. Bc1 Qe7 24. Rd4 Rd7 25. Rg4 Nxe5 26. Qxe5 f6 27. Qh5 Qxd6 28. Bxh6 Qxa3 29. c5 Qxb3 30. Qg6 Qd3 31. Qxd3 Rxd3 32. Bxg7 Rf7 33. Bxf6+ Kf8 34. Bd4 a5 35. h4 a4 36. Kh2 a3 37. Ra1 Bd5 38. Be3 a2 39. h5 Bb3 40. Rb4 Rd1 41. Bd4 Rxf2 42. Rxd1 Bxd1 43. h6 Rf5 44. Bg7+ Kg8 45. Rxb7 Rxc5 46. Ra7 Bb3 47. h7+ 1-0

[Event "Quebec op"]
[Site "Montreal CAN"]
[Date "2011.07.24"]
[Round "2.23"]
[White "Seguin, Rene"]
[Black "Tremblay, Alain"]
[Result "1/2-1/2"]
[WhiteElo "1976"]
[BlackElo "2113"]
[PlyCount "50"]
[GameId "2160767909649309"]
[EventDate "2011.07.23"]
[EventType "swiss"]
[EventRounds "9"]
[EventCountry "CAN"]
[SourceTitle "EXT 2022"]
[Source "ChessBase"]
[SourceDate "2021.10.06"]
[SourceVersion "1"]
[SourceVersionDate "2021.10.06"]
[SourceQuality "1"]

1. e4 Nc6 2. d4 d5 3. e5 f6 4. f4 Nh6 5. Nf3 Bg4 6. c3 Qd7 7. Be2 Nf5 8. O-O e6 9. b4 Be7 10. a4 Nh6 11. Be3 O-O 12. Nbd2 fxe5 13. fxe5 Qd8 14. a5 Bf5 15. h3 Nf7 16. Qb3 Ng5 17. b5 Nb8 18. c4 c6 19. bxc6 Nxf3+ 20. Nxf3 Nxc6 21. Qxb7 Nb4 22. Bf2 Rb8 23. Qxa7 Nc6 24. Qa6 Nb4 25. Qa7 Nc6 1/2-1/2

[Event "Quebec op"]
[Site "Montreal CAN"]
[Date "2011.07.24"]
[Round "2.25"]
[White "Lemieux, Serge"]
[Black "Trahan, Daniel"]
[Result "1/2-1/2"]
[WhiteElo "1557"]
[BlackElo "2081"]
[PlyCount "74"]
[GameId "2160767909649311"]
[EventDate "2011.07.23"]
[EventType "swiss"]
[EventRounds "9"]
[EventCountry "CAN"]
[SourceTitle "EXT 2022"]
[Source "ChessBase"]
[SourceDate "2021.10.06"]
[SourceVersion "1"]
[SourceVersionDate "2021.10.06"]
[SourceQuality "1"]

1. d4 Nf6 2. c4 g6 3. Nf3 Bg7 4. Nc3 d5 5. cxd5 Nxd5 6. e4 Nb6 7. Be2 O-O 8. Be3 Bg4 9. Rc1 Bxf3 10. gxf3 Nc6 11. d5 Ne5 12. Nb5 c6 13. dxc6 Qxd1+ 14. Rxd1 Nxc6 15. b3 Nb4 16. Bxb6 axb6 17. a4 Nc2+ 18. Kf1 Rad8 19. Kg2 Nd4 20. Bc4 e6 21. Nxd4 Rxd4 22. Rxd4 Bxd4 23. Rd1 Rd8 24. Rd3 Kf8 25. f4 Ke7 26. f3 Rd6 27. e5 Rd8 28. Kg3 Bc5 29. h4 h5 30. Kg2 Rxd3 31. Bxd3 Be3 32. Kg3 Kd8 33. Bb5 Bd2 34. Bd3 Be1+ 35. Kh3 Bd2 36. Kg3 Be1+ 37. Kh3 Bd2 1/2-1/2